000
00257pab a2200109 454500
008
180718b xxu||||| |||| 00| 0 eng d
100
_a
Roy, A.K
245
_a
Russia today - forward march to communism
650
_a
Russia
773
_a
Statesman
909
_a
24174
999
_c
24174
_d
24174